[Event "European Online Club-ch-B 2021"]
[Site "Online"]
[Date "2021.03.27"]
[Round "1.9"]
[White "Edouard, Romain"]
[Black "Sorensen, Hampus"]
[Result "1-0"]
[WhiteElo "2614"]
[BlackElo "2395"]
[Annotator "ChessBase"]
[PlyCount "157"]
[EventDate "2021.03.27"]
[EventType "team-tourn"]
[EventCountry "NET"]
[SourceTitle "playchess.com"]
[Source "ChessBase"]
[SourceQuality "1"]
[TimeControl "900+5"]

1. d4 {[%emt 0:00:00]} d5 {[%emt 0:00:04]} 2. c4 {[%emt 0:00:03]} c6 {[%emt 0:00:05]} 3. Nf3 {[%emt 0:00:02]} Nf6 {[%emt 0:00:03]} 4. Nc3 {[%emt 0:00:02]} e6 {[%emt 0:00:02]} 5. Bg5 {[%emt 0:00:06]} h6 {[%emt 0:00:03]} 6. Bxf6 {[%emt 0:00:09]} Qxf6 {[%emt 0:00:03]} 7. e3 {[%emt 0:00:01]} Nd7 {[%emt 0:00:08]} 8. Bd3 {[%emt 0:00:12]} dxc4 {[%emt 0:00:13]} 9. Bxc4 {[%emt 0:00:15]} g6 {[%emt 0:00:13]} 10. e4 {[%emt 0:00:09]} e5 {[%emt 0:00:50]} 11. dxe5 {[%emt 0:00:14]} Nxe5 {[%emt 0:00:04]} 12. Nxe5 {[%emt 0:00:01]} Qxe5 {[%emt 0:00:01]} 13. Qb3 {[%emt 0:00:01]} Qe7 {[%emt 0:01:04]} 14. O-O {[%emt 0:00:48]} Bg7 {[%emt 0:00:08]} 15. f4 {[%emt 0:00:02]} O-O {[%emt 0:00:40]} 16. f5 {[%emt 0:00:05]} g5 {[%emt 0:01:17]} 17. Rae1 {[%emt 0:00:21]} Be5 {[%emt 0:00:14]} 18. Nd1 {[%emt 0:00:27]} b5 {[%emt 0:00:27]} 19. Be2 {[%emt 0:00:04]} Kg7 {[%emt 0:01:15]} 20. Kh1 {[%emt 0:00:20]} Bd7 {[%emt 0:00:20]} 21. Qh3 {[%emt 0:00:09]} f6 {[%emt 0:00:18]} 22. Nf2 {[%emt 0:00:25]} Be8 {[%emt 0:00:13]} 23. Bh5 {[%emt 0:00:05]} Bxh5 {[%emt 0:00:13]} 24. Qxh5 {[%emt 0:00:03]} Qf7 {[%emt 0:00:02]} 25. Qh3 {[%emt 0:00:05]} Rfe8 {[%emt 0:00:17]} 26. Rd1 {[%emt 0:00:21]} h5 {[%emt 0:00:24]} 27. Nd3 {[%emt 0:00:08]} Bd6 {[%emt 0:01:19]} 28. e5 {[%emt 0:00:15]} Rxe5 {[%emt 0:02:11]} 29. Nxe5 {[%emt 0:00:03]} Bxe5 {[%emt 0:00:01]} 30. Rd2 {[%emt 0:00:15]} Re8 {[%emt 0:00:38]} 31. Rfd1 {[%emt 0:00:19]} Re7 {[%emt 0:00:27]} 32. b3 {[%emt 0:00:24]} c5 {[%emt 0:00:20]} 33. Rd8 {[%emt 0:00:17]} Bd4 {[%emt 0:00:11]} 34. Qf3 {[%emt 0:00:11]} b4 {[%emt 0:01:19]} 35. Qc6 {[%emt 0:00:50]} h4 {[%emt 0:00:27]} 36. Rf1 {[%emt 0:00:23]} Rc7 {[%emt 0:00:28]} 37. Qb5 {[%emt 0:00:48]} Rb7 {[%emt 0:00:11]} 38. Qa6 {[%emt 0:00:11]} Re7 {[%emt 0:00:41]} 39. h3 {[%emt 0:00:17]} Qh5 {[%emt 0:00:30]} 40. Qc8 {[%emt 0:01:05]} Qf7 {[%emt 0:00:02]} 41. Qa8 {[%emt 0:00:29]} Kh7 {[%emt 0:00:13]} 42. Rh8+ {[%emt 0:00:23]} Kg7 {[%emt 0:00:02]} 43. Rb8 {[%emt 0:00:02]} Be5 {[%emt 0:00:11]} 44. Rc8 {[%emt 0:00:09]} Bd4 {[%emt 0:00:02]} 45. Qc6 {[%emt 0:00:09]} Qh5 {[%emt 0:00:09]} 46. Rc7 {[%emt 0:01:05]} Qf7 {[%emt 0:00:03]} 47. Rxe7 {[%emt 0:00:21]} Qxe7 {[%emt 0:00:01]} 48. Qf3 {[%emt 0:00:02]} Kh6 {[%emt 0:00:08]} 49. Qd1 {[%emt 0:00:46]} Qe5 {[%emt 0:00:16]} 50. Qf3 {[%emt 0:00:39]} Qe7 {[%emt 0:00:19]} 51. g3 {[%emt 0:00:19]} hxg3 {[%emt 0:00:04]} 52. Qxg3 {[%emt 0:00:02]} Qe4+ {[%emt 0:00:05]} 53. Qf3 {[%emt 0:00:02]} Qe5 {[%emt 0:00:12]} 54. Qa8 {[%emt 0:00:14]} Kg7 {[%emt 0:00:06]} 55. Qxa7+ {[%emt 0:00:02]} Kh6 {[%emt 0:00:00]} 56. Qa8 {[%emt 0:00:02]} Kg7 {[%emt 0:00:03]} 57. Qf3 {[%emt 0:00:30]} Kh6 {[%emt 0:00:01]} 58. Kg2 {[%emt 0:00:13]} Bc3 {[%emt 0:00:20]} 59. h4 {[%emt 0:00:07]} gxh4 {[%emt 0:00:02]} 60. Qf4+ {[%emt 0:00:01]} Qxf4 {[%emt 0:00:02]} 61. Rxf4 {[%emt 0:00:02]} Kg5 {[%emt 0:00:02]} 62. Kf3 {[%emt 0:00:14]} Be5 {[%emt 0:00:03]} 63. Rg4+ {[%emt 0:00:01]} Kxf5 {[%emt 0:00:07]} 64. Rxh4 {[%emt 0:00:02]} Ke6 {[%emt 0:00:04]} 65. Ke4 {[%emt 0:00:02]} f5+ {[%emt 0:00:02]} 66. Kd3 {[%emt 0:00:02]} Kf6 {[%emt 0:00:10]} 67. Rh6+ {[%emt 0:00:13]} Kg5 {[%emt 0:00:01]} 68. Rc6 {[%emt 0:00:02]} Bd4 {[%emt 0:00:02]} 69. Ra6 {[%emt 0:00:03]} Kg4 {[%emt 0:00:07]} 70. a4 {[%emt 0:00:04]} bxa3 {[%emt 0:00:02]} 71. b4 {[%emt 0:00:14]} Bf2 {[%emt 0:00:22]} 72. b5 {[%emt 0:00:04]} f4 {[%emt 0:00:03]} 73. b6 {[%emt 0:00:16]} c4+ {[%emt 0:00:05]} 74. Kxc4 {[%emt 0:00:01]} Bxb6 {[%emt 0:00:05]} 75. Rxb6 {[%emt 0:00:01]} Kf3 {[%emt 0:00:05]} 76. Kd3 {[%emt 0:00:07]} Kf2 {[%emt 0:00:02]} 77. Ke4 {[%emt 0:00:16]} f3 {[%emt 0:00:07]} 78. Rb3 {[%emt 0:00:02]} a2 {[%emt 0:00:04]} 79. Rxf3+ {[%emt 0:00:02]} 1-0

[Event "European Online Club-ch-B 2021"]
[Site "Online"]
[Date "2021.03.27"]
[Round "1.10"]
[White "Agrest, Inna"]
[Black "Sokolov, Andrei"]
[Result "0-1"]
[WhiteElo "2285"]
[BlackElo "2516"]
[Annotator "ChessBase"]
[PlyCount "92"]
[EventDate "2021.03.27"]
[EventType "team-tourn"]
[EventCountry "NET"]
[SourceTitle "playchess.com"]
[Source "ChessBase"]
[SourceQuality "1"]
[TimeControl "900+5"]

1. e4 {[%emt 0:00:04]} c5 {[%emt 0:04:24]} 2. Nf3 {[%emt 0:00:02]} e6 {[%emt 0:00:08]} 3. d4 {[%emt 0:00:02]} cxd4 {[%emt 0:00:02]} 4. Nxd4 {[%emt 0:00:00]} Nc6 {[%emt 0:00:05]} 5. Nc3 {[%emt 0:00:01]} d6 {[%emt 0:00:05]} 6. Be3 {[%emt 0:00:14]} Nf6 {[%emt 0:00:26]} 7. f3 {[%emt 0:00:50]} d5 {[%emt 0:00:29]} 8. exd5 {[%emt 0:00:37]} Nxd5 {[%emt 0:00:15]} 9. Nxd5 {[%emt 0:00:02]} Qxd5 {[%emt 0:01:43]} 10. Qd2 {[%emt 0:00:32]} Nxd4 {[%emt 0:01:29]} 11. Qxd4 {[%emt 0:00:20]} Qxd4 {[%emt 0:01:16]} 12. Bxd4 {[%emt 0:00:00]} Bd7 {[%emt 0:00:10]} 13. O-O-O {[%emt 0:00:07]} h5 {[%emt 0:00:04]} 14. h4 {[%emt 0:01:05]} Bc6 {[%emt 0:00:08]} 15. a3 {[%emt 0:02:50]} a6 {[%emt 0:00:09]} 16. Bc3 {[%emt 0:00:37]} Bd5 {[%emt 0:00:34]} 17. Bd3 {[%emt 0:01:04]} Rc8 {[%emt 0:01:07]} 18. Rhe1 {[%emt 0:01:56]} Bxa3 {[%emt 0:01:04]} 19. Bxg7 {[%emt 0:00:15]} Rg8 {[%emt 0:00:04]} 20. Bf6 {[%emt 0:00:52]} Bb4 {[%emt 0:01:06]} 21. Re2 {[%emt 0:00:54]} Kd7 {[%emt 0:00:23]} 22. Kb1 {[%emt 0:01:15]} Be7 {[%emt 0:00:28]} 23. Be5 {[%emt 0:00:50]} f6 {[%emt 0:00:26]} 24. Bh2 {[%emt 0:00:29]} Ke8 {[%emt 0:00:05]} 25. Bf5 {[%emt 0:01:27]} Rc6 {[%emt 0:00:34]} 26. Rxd5 {[%emt 0:00:21]} exd5 {[%emt 0:00:03]} 27. Be6 {[%emt 0:00:01]} Rxe6 {[%emt 0:00:06]} 28. Rxe6 {[%emt 0:00:00]} Kd7 {[%emt 0:00:19]} 29. Re2 {[%emt 0:00:03]} f5 {[%emt 0:00:05]} 30. Be5 {[%emt 0:00:24]} Bxh4 {[%emt 0:00:05]} 31. Bd4 {[%emt 0:00:03]} Re8 {[%emt 0:00:04]} 32. Rd2 {[%emt 0:00:02]} Bg5 {[%emt 0:00:03]} 33. Rd1 {[%emt 0:00:02]} Re2 {[%emt 0:00:03]} 34. Rh1 {[%emt 0:00:16]} h4 {[%emt 0:00:04]} 35. f4 {[%emt 0:00:05]} Be7 {[%emt 0:00:02]} 36. Rg1 {[%emt 0:00:06]} Re4 {[%emt 0:00:04]} 37. Be5 {[%emt 0:00:03]} Bc5 {[%emt 0:00:02]} 38. Rh1 {[%emt 0:00:03]} Bf2 {[%emt 0:00:03]} 39. Ka2 {[%emt 0:00:10]} Bg3 {[%emt 0:00:02]} 40. Rd1 {[%emt 0:00:02]} Kc6 {[%emt 0:00:04]} 41. Rd3 {[%emt 0:00:02]} Bxf4 {[%emt 0:00:04]} 42. Bf6 {[%emt 0:00:08]} Bg3 {[%emt 0:00:05]} 43. b3 {[%emt 0:00:08]} Re2 {[%emt 0:00:03]} 44. Rc3+ {[%emt 0:00:02]} Kd7 {[%emt 0:00:04]} 45. Rd3 {[%emt 0:00:04]} Ke6 {[%emt 0:00:02]} 46. Bb2 {[%emt 0:00:06]} Rxc2 {[%emt 0:00:13]} 0-1

[Event "European Online Club-ch-B 2021"]
[Site "Online"]
[Date "2021.03.27"]
[Round "1.11"]
[White "Riff, Jean-Noel"]
[Black "Rasti, Arvin"]
[Result "1-0"]
[WhiteElo "2499"]
[BlackElo "2195"]
[Annotator "ChessBase"]
[PlyCount "85"]
[EventDate "2021.03.27"]
[EventType "team-tourn"]
[EventCountry "NET"]
[SourceTitle "playchess.com"]
[Source "ChessBase"]
[SourceQuality "1"]
[TimeControl "900+5"]

1. e4 {[%emt 0:00:00]} c5 {[%emt 0:00:08]} 2. Nc3 {[%emt 0:00:05]} Nc6 {[%emt 0:00:04]} 3. Nf3 {[%emt 0:00:03]} d6 {[%emt 0:00:11]} 4. d4 {[%emt 0:00:12]} cxd4 {[%emt 0:00:02]} 5. Nxd4 {[%emt 0:00:02]} Nf6 {[%emt 0:00:10]} 6. Bg5 {[%emt 0:00:04]} e6 {[%emt 0:00:06]} 7. Qd2 {[%emt 0:00:03]} a6 {[%emt 0:00:02]} 8. O-O-O {[%emt 0:00:03]} Bd7 {[%emt 0:00:01]} 9. f4 {[%emt 0:00:16]} b5 {[%emt 0:00:05]} 10. Bxf6 {[%emt 0:00:02]} gxf6 {[%emt 0:00:02]} 11. Kb1 {[%emt 0:00:04]} Qb6 {[%emt 0:00:05]} 12. Nce2 {[%emt 0:00:03]} Rc8 {[%emt 0:00:38]} 13. f5 {[%emt 0:00:15]} Nxd4 {[%emt 0:00:42]} 14. Nxd4 {[%emt 0:00:02]} Qc5 {[%emt 0:00:29]} 15. Be2 {[%emt 0:00:37]} h5 {[%emt 0:00:27]} 16. Bf3 {[%emt 0:00:10]} Bh6 {[%emt 0:00:51]} 17. Qe2 {[%emt 0:00:06]} h4 {[%emt 0:00:48]} 18. g3 {[%emt 0:00:24]} Ke7 {[%emt 0:02:23]} 19. gxh4 {[%emt 0:00:32]} Rcg8 {[%emt 0:00:16]} 20. Bg4 {[%emt 0:00:06]} Bf4 {[%emt 0:02:14]} 21. h3 {[%emt 0:00:18]} Rxh4 {[%emt 0:01:03]} 22. Rhf1 {[%emt 0:00:13]} e5 {[%emt 0:00:54]} 23. Rd3 {[%emt 0:01:53]} b4 {[%emt 0:01:31]} 24. Nb3 {[%emt 0:00:21]} Qb6 {[%emt 0:00:35]} 25. Qe1 {[%emt 0:01:52]} Rhh8 {[%emt 0:00:59]} 26. Rff3 {[%emt 0:00:27]} Bb5 {[%emt 0:00:21]} 27. Rd1 {[%emt 0:00:19]} a5 {[%emt 0:00:05]} 28. c3 {[%emt 0:00:06]} a4 {[%emt 0:00:47]} 29. Na1 {[%emt 0:00:02]} a3 {[%emt 0:00:36]} 30. cxb4 {[%emt 0:00:12]} axb2 {[%emt 0:00:02]} 31. Kxb2 {[%emt 0:00:10]} Bc4 {[%emt 0:00:16]} 32. Nc2 {[%emt 0:00:07]} Qa6 {[%emt 0:00:22]} 33. a3 {[%emt 0:00:13]} Be2 {[%emt 0:00:12]} 34. Rc3 {[%emt 0:00:02]} Bxd1 {[%emt 0:00:03]} 35. Qxd1 {[%emt 0:00:07]} Rc8 {[%emt 0:00:08]} 36. Qd3 {[%emt 0:00:01]} Qxd3 {[%emt 0:00:03]} 37. Rxd3 {[%emt 0:00:01]} Rc4 {[%emt 0:00:04]} 38. b5 {[%emt 0:00:23]} Rb8 {[%emt 0:00:09]} 39. Rb3 {[%emt 0:00:01]} Rxe4 {[%emt 0:00:05]} 40. Nb4 {[%emt 0:00:02]} Kd7 {[%emt 0:00:13]} 41. a4 {[%emt 0:00:03]} Bd2 {[%emt 0:00:04]} 42. Nc6 {[%emt 0:00:19]} Ra8 {[%emt 0:00:08]} 43. Rd3 {[%emt 0:00:24]} 1-0

[Event "European Online Club-ch-B 2021"]
[Site "Online"]
[Date "2021.03.27"]
[Round "1.12"]
[White "Wengholm, Anders"]
[Black "Miralles, Gilles"]
[Result "0-1"]
[WhiteElo "2198"]
[BlackElo "2418"]
[Annotator "NA"]
[PlyCount "70"]
[EventDate "2021.03.27"]
[EventType "team-tourn"]
[EventCountry "NET"]
[SourceTitle "playchess.com"]
[Source "ChessBase"]
[SourceQuality "1"]
[TimeControl "900+5"]

1. Nf3 {[%emt 0:00:00]} Nf6 {[%emt 0:00:05]} 2. c4 {[%emt 0:00:03]} c5 {[%emt 0:00:09]} 3. Nc3 {[%emt 0:00:04]} e6 {[%emt 0:01:46]} 4. g3 {[%emt 0:00:07]} b6 {[%emt 0:00:03]} 5. Bg2 {[%emt 0:00:03]} Bb7 {[%emt 0:00:01]} 6. O-O {[%emt 0:00:02]} Be7 {[%emt 0:00:11]} 7. Re1 {[%emt 0:00:04]} d5 {[%emt 0:00:08]} 8. cxd5 {[%emt 0:00:06]} Nxd5 {[%emt 0:00:02]} 9. e4 {[%emt 0:02:26]} Nb4 {[%emt 0:00:03]} 10. d4 {[%emt 0:00:03]} cxd4 {[%emt 0:00:08]} 11. Nxd4 {[%emt 0:00:03]} N8c6 {[%emt 0:00:01]} 12. Be3 {[%emt 0:00:05]} O-O {[%emt 0:00:52]} 13. Rc1 {[%emt 0:00:39]} Ne5 {[%emt 0:00:17]} 14. Bf1 {[%emt 0:00:12]} Rc8 {[%emt 0:00:39]} 15. b3 {[%emt 0:00:29]} Bc5 {[%emt 0:00:30]} 16. Be2 {[%emt 0:00:39]} Nbd3 {[%emt 0:00:32]} 17. Bxd3 {[%emt 0:00:09]} Bxd4 {[%emt 0:00:02]} 18. Bxd4 {[%emt 0:00:07]} Qxd4 {[%emt 0:00:05]} 19. Be2 {[%emt 0:00:04]} Qb4 {[%emt 0:00:42]} 20. Qd2 {[%emt 0:00:07]} Rfd8 {[%emt 0:01:04]} 21. Qe3 {[%emt 0:00:02]} g6 {[%emt 0:02:03]} 22. Red1 {[%emt 0:01:17]} Rxd1+ {[%emt 0:00:18]} 23. Bxd1 {[%emt 0:00:03]} Qc5 {[%emt 0:00:42]} 24. Qxc5 {[%emt 0:01:10]} Rxc5 {[%emt 0:00:03]} 25. f3 {[%emt 0:00:08]} Nd3 {[%emt 0:00:21]} 26. Rc2 {[%emt 0:00:02]} Nb4 {[%emt 0:00:38]} 27. Rc1 {[%emt 0:00:04]} f5 {[%emt 0:00:09]} 28. exf5 {[%emt 0:00:09]} exf5 {[%emt 0:00:09]} 29. Be2 {[%emt 0:00:09]} Kg7 {[%emt 0:00:15]} 30. Kf2 {[%emt 0:00:14]} Nd5 {[%emt 0:00:09]} 31. Bc4 {[%emt 0:00:16]} Nxc3 {[%emt 0:00:20]} 32. Rxc3 {[%emt 0:00:02]} b5 {[%emt 0:00:01]} 33. Rd3 {[%emt 0:00:05]} bxc4 {[%emt 0:00:42]} 34. Rd7+ {[%emt 0:00:03]} Kh6 {[%emt 0:00:06]} 35. Rxb7 {[%emt 0:00:04]} c3 {[%emt 0:00:01]} 0-1

[Event "European Online Club-ch-B 2021"]
[Site "Online"]
[Date "2021.03.27"]
[Round "1.13"]
[White "Santos Latasa, Jaime"]
[Black "Demidov, Mikhail"]
[Result "0-1"]
[WhiteElo "2608"]
[BlackElo "2523"]
[Annotator "ChessBase"]
[PlyCount "162"]
[EventDate "2021.03.27"]
[EventType "team-tourn"]
[EventCountry "NET"]
[SourceTitle "playchess.com"]
[Source "ChessBase"]
[SourceQuality "1"]
[TimeControl "900+5"]

1. e4 {[%emt 0:00:00]} Nf6 {[%emt 0:00:18]} 2. e5 {[%emt 0:00:04]} Nd5 {[%emt 0:00:04]} 3. d4 {[%emt 0:00:01]} d6 {[%emt 0:00:01]} 4. Nf3 {[%emt 0:00:02]} Nb6 {[%emt 0:00:02]} 5. a4 {[%emt 0:00:10]} a5 {[%emt 0:00:07]} 6. Nc3 {[%emt 0:00:15]} Bg4 {[%emt 0:00:30]} 7. h3 {[%emt 0:00:41]} Bf5 {[%emt 0:00:15]} 8. Bf4 {[%emt 0:00:46]} e6 {[%emt 0:00:07]} 9. Bd3 {[%emt 0:00:42]} Bxd3 {[%emt 0:00:10]} 10. Qxd3 {[%emt 0:00:02]} Nc6 {[%emt 0:00:02]} 11. Qb5 {[%emt 0:01:06]} d5 {[%emt 0:00:12]} 12. O-O {[%emt 0:00:11]} Qd7 {[%emt 0:00:10]} 13. Qe2 {[%emt 0:00:10]} Be7 {[%emt 0:02:00]} 14. b3 {[%emt 0:02:00]} O-O {[%emt 0:01:26]} 15. Nd1 {[%emt 0:01:11]} f6 {[%emt 0:00:33]} 16. Nb2 {[%emt 0:00:14]} Rae8 {[%emt 0:03:24]} 17. Nd3 {[%emt 0:00:20]} f5 {[%emt 0:00:12]} 18. c3 {[%emt 0:00:11]} Nd8 {[%emt 0:00:22]} 19. h4 {[%emt 0:00:24]} Nf7 {[%emt 0:00:03]} 20. Nc5 {[%emt 0:00:38]} Qc6 {[%emt 0:01:09]} 21. Qb5 {[%emt 0:00:58]} Bxc5 {[%emt 0:00:47]} 22. dxc5 {[%emt 0:00:03]} Nd7 {[%emt 0:00:04]} 23. b4 {[%emt 0:00:03]} Ra8 {[%emt 0:01:44]} 24. Rfe1 {[%emt 0:00:44]} h6 {[%emt 0:01:50]} 25. h5 {[%emt 0:00:11]} Qxb5 {[%emt 0:00:22]} 26. axb5 {[%emt 0:00:03]} axb4 {[%emt 0:00:01]} 27. cxb4 {[%emt 0:00:02]} Rfc8 {[%emt 0:00:09]} 28. g3 {[%emt 0:01:03]} Nf8 {[%emt 0:00:21]} 29. Nd4 {[%emt 0:00:06]} Kh7 {[%emt 0:00:05]} 30. c6 {[%emt 0:00:18]} b6 {[%emt 0:00:23]} 31. Ra6 {[%emt 0:00:14]} Re8 {[%emt 0:00:18]} 32. Rea1 {[%emt 0:00:06]} Rac8 {[%emt 0:00:02]} 33. Ra7 {[%emt 0:00:08]} g5 {[%emt 0:00:01]} 34. hxg6+ {[%emt 0:00:07]} Nxg6 {[%emt 0:00:02]} 35. Re1 {[%emt 0:00:35]} h5 {[%emt 0:00:06]} 36. Nf3 {[%emt 0:00:14]} Kg7 {[%emt 0:00:07]} 37. Kg2 {[%emt 0:00:32]} Rh8 {[%emt 0:00:06]} 38. Bg5 {[%emt 0:00:11]} Nxg5 {[%emt 0:00:23]} 39. Nxg5 {[%emt 0:00:02]} Nf8 {[%emt 0:00:01]} 40. Nf3 {[%emt 0:00:07]} Ng6 {[%emt 0:00:02]} 41. Nd4 {[%emt 0:00:03]} Kf7 {[%emt 0:00:02]} 42. f4 {[%emt 0:00:16]} h4 {[%emt 0:00:04]} 43. Rh1 {[%emt 0:00:02]} hxg3 {[%emt 0:00:09]} 44. Rxh8 {[%emt 0:00:02]} Nxh8 {[%emt 0:00:01]} 45. Kxg3 {[%emt 0:00:03]} Ng6 {[%emt 0:00:01]} 46. Ne2 {[%emt 0:00:15]} Ke7 {[%emt 0:00:04]} 47. Kf3 {[%emt 0:00:02]} Kf7 {[%emt 0:00:05]} 48. Nc3 {[%emt 0:00:05]} Nh4+ {[%emt 0:00:15]} 49. Kg3 {[%emt 0:00:06]} Ng6 {[%emt 0:00:02]} 50. Na4 {[%emt 0:00:03]} Ne7 {[%emt 0:00:05]} 51. Kf3 {[%emt 0:00:03]} d4 {[%emt 0:00:03]} 52. Ke2 {[%emt 0:00:42]} Nd5 {[%emt 0:00:03]} 53. Kd3 {[%emt 0:00:01]} Nxf4+ {[%emt 0:00:09]} 54. Kxd4 {[%emt 0:00:03]} Nd5 {[%emt 0:00:04]} 55. Nb2 {[%emt 0:00:07]} Rh8 {[%emt 0:00:07]} 56. Nc4 {[%emt 0:00:04]} Rh4+ {[%emt 0:00:02]} 57. Kd3 {[%emt 0:00:01]} Nxb4+ {[%emt 0:00:02]} 58. Kc3 {[%emt 0:00:02]} Nd5+ {[%emt 0:00:02]} 59. Kd3 {[%emt 0:00:01]} Kg6 {[%emt 0:00:03]} 60. Ra8 {[%emt 0:00:05]} Nb4+ {[%emt 0:00:04]} 61. Kc3 {[%emt 0:00:02]} Nd5+ {[%emt 0:00:01]} 62. Kd3 {[%emt 0:00:01]} f4 {[%emt 0:00:04]} 63. Re8 {[%emt 0:00:11]} Nb4+ {[%emt 0:00:06]} 64. Kc3 {[%emt 0:00:06]} Nd5+ {[%emt 0:00:02]} 65. Kd3 {[%emt 0:00:01]} Kf7 {[%emt 0:00:06]} 66. Rd8 {[%emt 0:00:12]} Nb4+ {[%emt 0:00:04]} 67. Kc3 {[%emt 0:00:05]} Nd5+ {[%emt 0:00:01]} 68. Kd3 {[%emt 0:00:02]} f3 {[%emt 0:00:04]} 69. Ra8 {[%emt 0:00:05]} Nb4+ {[%emt 0:00:05]} 70. Kc3 {[%emt 0:00:03]} Nd5+ {[%emt 0:00:02]} 71. Kd3 {[%emt 0:00:01]} Rh1 {[%emt 0:00:04]} 72. Nd2 {[%emt 0:00:09]} Rd1 {[%emt 0:00:12]} 73. Kc2 {[%emt 0:00:13]} Ne3+ {[%emt 0:00:02]} 74. Kd3 {[%emt 0:00:02]} Nd5 {[%emt 0:00:30]} 75. Kc2 {[%emt 0:00:04]} Ne3+ {[%emt 0:00:05]} 76. Kd3 {[%emt 0:00:01]} f2 {[%emt 0:00:12]} 77. Kxe3 {[%emt 0:00:03]} Rxd2 {[%emt 0:00:01]} 78. Ra1 {[%emt 0:00:02]} Rb2 {[%emt 0:00:03]} 79. Rf1 {[%emt 0:00:03]} Kg6 {[%emt 0:00:02]} 80. Ke4 {[%emt 0:00:02]} Kg5 {[%emt 0:00:02]} 81. Ke3 {[%emt 0:00:08]} Kg4 {[%emt 0:00:05]} 0-1

[Event "European Online Club-ch-B 2021"]
[Site "Online"]
[Date "2021.03.27"]
[Round "1.14"]
[White "Andriasyan, Siranush"]
[Black "Admiraal, Miguoel"]
[Result "0-1"]
[WhiteElo "2298"]
[BlackElo "2475"]
[Annotator "ChessBase"]
[PlyCount "64"]
[EventDate "2021.03.27"]
[EventType "team-tourn"]
[EventCountry "NET"]
[SourceTitle "playchess.com"]
[Source "ChessBase"]
[SourceQuality "1"]
[TimeControl "900+5"]

1. e4 {[%emt 0:00:00]} c6 {[%emt 0:00:02]} 2. d4 {[%emt 0:00:03]} d5 {[%emt 0:00:02]} 3. Nc3 {[%emt 0:00:02]} dxe4 {[%emt 0:00:01]} 4. Nxe4 {[%emt 0:00:02]} Bf5 {[%emt 0:00:01]} 5. Ng3 {[%emt 0:00:02]} Bg6 {[%emt 0:00:01]} 6. h4 {[%emt 0:00:03]} h6 {[%emt 0:00:01]} 7. Nf3 {[%emt 0:00:03]} e6 {[%emt 0:00:01]} 8. h5 {[%emt 0:00:03]} Bh7 {[%emt 0:00:02]} 9. Bd3 {[%emt 0:00:03]} Bxd3 {[%emt 0:00:01]} 10. Qxd3 {[%emt 0:00:02]} Nf6 {[%emt 0:00:01]} 11. Bf4 {[%emt 0:00:03]} Bb4+ {[%emt 0:00:02]} 12. c3 {[%emt 0:00:27]} Bd6 {[%emt 0:00:02]} 13. Bxd6 {[%emt 0:00:07]} Qxd6 {[%emt 0:00:01]} 14. O-O-O {[%emt 0:00:05]} Nbd7 {[%emt 0:00:02]} 15. Ne4 {[%emt 0:00:08]} Nxe4 {[%emt 0:00:01]} 16. Qxe4 {[%emt 0:00:04]} O-O {[%emt 0:00:03]} 17. Kb1 {[%emt 0:00:16]} a5 {[%emt 0:00:13]} 18. Qe2 {[%emt 0:00:30]} a4 {[%emt 0:00:06]} 19. g4 {[%emt 0:00:10]} a3 {[%emt 0:00:01]} 20. b3 {[%emt 0:00:06]} Qf4 {[%emt 0:00:37]} 21. g5 {[%emt 0:00:49]} hxg5 {[%emt 0:00:11]} 22. h6 {[%emt 0:00:25]} g6 {[%emt 0:00:11]} 23. h7+ {[%emt 0:00:57]} Kh8 {[%emt 0:00:03]} 24. Rdg1 {[%emt 0:00:32]} Ra5 {[%emt 0:02:13]} 25. Rg3 {[%emt 0:02:41]} Nf6 {[%emt 0:00:08]} 26. Nd2 {[%emt 0:00:20]} Rf5 {[%emt 0:00:45]} 27. Rf3 {[%emt 0:01:30]} Qg4 {[%emt 0:00:08]} 28. Qe3 {[%emt 0:00:34]} Ne4 {[%emt 0:01:24]} 29. Rxf5 {[%emt 0:01:12]} Nxd2+ {[%emt 0:00:02]} 30. Qxd2 {[%emt 0:00:03]} Qe4+ {[%emt 0:00:02]} 31. Kc1 {[%emt 0:00:47]} Qxh1+ {[%emt 0:00:04]} 32. Kc2 {[%emt 0:00:01]} Qe4+ {[%emt 0:00:03]} 0-1

[Event "European Online Club-ch-B 2021"]
[Site "Online"]
[Date "2021.03.27"]
[Round "1.15"]
[White "Matnadze, Ana"]
[Black "Naudion, Gregoire"]
[Result "1-0"]
[WhiteElo "2421"]
[BlackElo "2146"]
[Annotator "NA"]
[PlyCount "29"]
[EventDate "2021.03.27"]
[EventType "team-tourn"]
[EventCountry "NET"]
[SourceTitle "playchess.com"]
[Source "ChessBase"]
[SourceQuality "1"]
[TimeControl "900+5"]

1. d4 {[%emt 0:00:00]} g6 {[%emt 0:00:06]} 2. Nf3 {[%emt 0:00:07]} Bg7 {[%emt 0:00:04]} 3. g3 {[%emt 0:00:08]} Nf6 {[%emt 0:00:03]} 4. Bg2 {[%emt 0:00:07]} O-O {[%emt 0:00:02]} 5. O-O {[%emt 0:00:15]} d6 {[%emt 0:00:02]} 6. c4 {[%emt 0:00:08]} Nbd7 {[%emt 0:00:05]} 7. Nc3 {[%emt 0:00:03]} e5 {[%emt 0:00:06]} 8. h3 {[%emt 0:00:04]} Re8 {[%emt 0:00:05]} 9. e4 {[%emt 0:00:05]} exd4 {[%emt 0:00:09]} 10. Nxd4 {[%emt 0:00:03]} Nc5 {[%emt 0:00:13]} 11. Re1 {[%emt 0:00:04]} h6 {[%emt 0:00:58]} 12. Qc2 {[%emt 0:00:17]} Ne6 {[%emt 0:02:34]} 13. Nb3 {[%emt 0:00:30]} Ng5 {[%emt 0:00:50]} 14. Kh2 {[%emt 0:01:57]} Bxh3 {[%emt 0:05:32]} 15. Bxg5 {[%emt 0:00:24]} 1-0